Análisis de la situación alimentaria - nutricional en Costa Rica

Enregistré dans:
Détails bibliographiques
Auteur principal: Sáenz, Lenin
Format: Inconnue
Publié: Heredia :
Tags: Ajouter un tag
Pas de tags, Soyez le premier à ajouter un tag!

MARC

LEADER 00000 a2200000 04500
001 15192
003
008 991231s d
040
090 |a 174604  
100 |a Sáenz, Lenin  
245 |a Análisis de la situación alimentaria - nutricional en Costa Rica  
260 |a Heredia :  
999 |c 11212  |d 11212